| 000 | 00452nam a2200169Ia 4500 | ||
|---|---|---|---|
| 008 | 221030s9999 xx 000 0 und d | ||
| 020 | _a8187972092 | ||
| 041 | _aEnglish | ||
| 082 | _a105.23 | ||
| 100 | _aR. Ganokar | ||
| 245 | 0 |
_aMicroprocessor, Architecture, Programming, & Applications with the 8085 _cby R. Ganokar |
|
| 250 | _a5th | ||
| 260 |
_bPenram International Pub. _aIndia _c2008 |
||
| 300 | _a820 | ||
| 650 | _aBE Computer | ||
| 942 | _cBK | ||
| 999 |
_c5776 _d5776 |
||